赢在自贸区:寻找改革红利时代的财富与机遇.

请填写.

Bibliographic Details
Main Author: Free trade zone Research Institute, Shanghai university of Finance and Economics.
Format: eBook
Language:Chinese
Published: BeiJing : PEKING UNIVERSITY PRESS, 2014.
Edition:1st ed.
Subjects:
Online Access:Click to View
LEADER 01601nam a22003613i 4500
001 EBC4648392
003 MiAaPQ
005 20231204023213.0
006 m o d |
007 cr cnu||||||||
008 231204s2014 xx o ||||0 chi d
020 |a 9787301091036  |q (electronic bk.) 
035 |a (MiAaPQ)EBC4648392 
035 |a (Au-PeEL)EBL4648392 
035 |a (CaPaEBR)ebr11252567 
035 |a (OCoLC)969637378 
040 |a MiAaPQ  |b eng  |e rda  |e pn  |c MiAaPQ  |d MiAaPQ 
100 1 |a Free trade zone Research Institute, Shanghai university of Finance and Economics. 
245 1 0 |a 赢在自贸区:寻找改革红利时代的财富与机遇. 
250 |a 1st ed. 
264 1 |a BeiJing :  |b PEKING UNIVERSITY PRESS,  |c 2014. 
264 4 |c {copy}2014. 
300 |a 1 online resource (285 pages) 
336 |a text  |b txt  |2 rdacontent 
337 |a computer  |b c  |2 rdamedia 
338 |a online resource  |b cr  |2 rdacarrier 
520 |a 请填写. 
588 |a Description based on publisher supplied metadata and other sources. 
590 |a Electronic reproduction. Ann Arbor, Michigan : ProQuest Ebook Central, 2023. Available via World Wide Web. Access may be limited to ProQuest Ebook Central affiliated libraries.  
655 4 |a Electronic books. 
776 0 8 |i Print version:  |a Free trade zone Research Institute, Shanghai university of Finance and Economics  |t 赢在自贸区:寻找改革红利时代的财富与机遇  |d BeiJing : PEKING UNIVERSITY PRESS,c2014 
797 2 |a ProQuest (Firm) 
856 4 0 |u https://ebookcentral.proquest.com/lib/matrademy/detail.action?docID=4648392  |z Click to View